ប្រសិទ្ធភាពនៃការចម្រាញ់ប្រភេទរុក្ខជាតិក្នុងការប្រឆាំងជំងឺផ្សិតអុលមូល ដែលបង្កដោយភ្នាក់ងារ altetnaria solani នៅលើប៉េងប៉ោះ the efficiency of plant extracts for antifungal activity caused by Alternaria solani on tomato ( solanum lycopersicum ) (Record no. 19230)

000 -LEADER
fixed length control field 00751nam a22001337a 4500
040 ## - CATALOGING SOURCE
Transcribing agency RUA
082 ## - DEWEY DECIMAL CLASSIFICATION NUMBER
Classification number AGR EAM1 2.018 B663 Or
100 ## - MAIN ENTRY--AUTHOR NAME
Personal name EAM SREYNICH អៀម ស្រីនិច
245 ## - TITLE STATEMENT
Title ប្រសិទ្ធភាពនៃការចម្រាញ់ប្រភេទរុក្ខជាតិក្នុងការប្រឆាំងជំងឺផ្សិតអុលមូល ដែលបង្កដោយភ្នាក់ងារ altetnaria solani នៅលើប៉េងប៉ោះ the efficiency of plant extracts for antifungal activity caused by Alternaria solani on tomato ( solanum lycopersicum )
260 ## - PUBLICATION, DISTRIBUTION, ETC. (IMPRINT)
Place of publication RUA
Name of publisher Phnom penh
Year of publication 2018
300 ## - PHYSICAL DESCRIPTION
Number of Pages vi;29p
Other physical details ill;
Dimensions 29cm
856 ## - ELECTRONIC LOCATION AND ACCESS
Uniform Resource Identifier EAM SREYNICH
942 ## - ADDED ENTRY ELEMENTS (KOHA)
Koha item type AGR
952 ## - LOCATION AND ITEM INFORMATION (KOHA)
Withdrawn status [LOCAL, KOHA] 0
952 ## - LOCATION AND ITEM INFORMATION (KOHA)
Withdrawn status [LOCAL, KOHA] 0
952 ## - LOCATION AND ITEM INFORMATION (KOHA)
Withdrawn status [LOCAL, KOHA] 0
952 ## - LOCATION AND ITEM INFORMATION (KOHA)
Withdrawn status [LOCAL, KOHA] 0
952 ## - LOCATION AND ITEM INFORMATION (KOHA)
Withdrawn status [LOCAL, KOHA] 0
952 ## - LOCATION AND ITEM INFORMATION (KOHA)
Withdrawn status [LOCAL, KOHA] 0
Holdings
Permanent Location Date acquired Koha item type Lost status Shelving location Barcode Current Location Full call number
Library Block B2020-05-26AGR B663A43448Library Block BAGR EAM 2018 B663 Or.1
Library Block B2020-05-26AGR B663A43343Library Block BAGR EAM 2018 B663 Or.2
Library Block B2020-05-26AGR B663A43563Library Block BAGR EAM 2018 B663 Or.3
Library Block B2020-05-26AGR B663A42553Library Block BAGR EAM 2018 B663 Or.4
Library Block B2020-05-26AGR B663A43233Library Block BAGR EAM 2018 B663 Or.5
Library Block B2020-05-26AGR B663A064635Library Block BAGR EAM 2018 B663 Or.6
មជ្ឈមណ្ឌលឯការនៃសាកលវិទ្យាល័យភូមិន្ទកសិកម្មចំការដូង

Powered by Koha